Muse Songs per Album (Showbiz - Will of the People) - Statistics

General Stats
  • This quiz has been taken 2,996 times
    1,690 since last reset
  • The average score is 53 of 104
Answer Stats
Album No. Answer % Correct
Black Holes & Revelations (2006) 3 Supermassive Black Hole
86%
Absolution (2003) 6 Hysteria
83%
Origin of Symmetry (2001) 5 Plug-In Baby
83%
Black Holes & Revelations (2006) 2 Starlight
83%
Showbiz (1999) 6 Showbiz
81%
The Resistance (2009) 1 Uprising
80%
Black Holes & Revelations (2006) 11 Knights of Cydonia
79%
The Resistance (2009) 2 Resistance
79%
Showbiz (1999) 2 Muscle Museum
77%
Origin of Symmetry (2001) 1 Newborn
77%
Drones (2015) 10 Drones
75%
Will of the People (2022) 1 Will of the People
75%
Absolution (2003) 2 Time Is Running Out
73%
Origin of Symmetry (2001) 2 Bliss
72%
Drones (2015) 2 Psycho
72%
Showbiz (1999) 1 Sunburn
72%
Absolution (2003) 3 Sing for Absolution
69%
Origin of Symmetry (2001) 10 Feeling Good
68%
Absolution (2003) 4 Stockholm Syndrome
68%
The 2nd Law (2012) 2 Madness
65%
Origin of Symmetry (2001) 6 Citizen Erased
63%
The 2nd Law (2012) 1 Supremacy
60%
The Resistance (2009) 3 Undisclosed Desires
60%
Black Holes & Revelations (2006) 7 Assassin
58%
Absolution (2003) 8 Butterflies and Hurricanes
58%
Black Holes & Revelations (2006) 1 Take a Bow
58%
Showbiz (1999) 7 Unintended
58%
Origin of Symmetry (2001) 11 Megalomania
57%
The Resistance (2009) 7 MK Ultra
57%
The 2nd Law (2012) 3 Panic Station
57%
Origin of Symmetry (2001) 3 Space Dementia
57%
Absolution (2003) 1 Apocalypse Please
56%
Showbiz (1999) 5 Cave
56%
Origin of Symmetry (2001) 4 Hyper Music
56%
Showbiz (1999) 8 Uno
56%
Black Holes & Revelations (2006) 4 Map of the Problematique
55%
Drones (2015) 4 Reapers
55%
Drones (2015) 5 The Handler
55%
Drones (2015) 1 Dead Inside
53%
Showbiz (1999) 3 Fillip
53%
Simulation Theory (2018) 3 Pressure
53%
Origin of Symmetry (2001) 7 Micro Cuts
52%
Will of the People (2022) 10 We Are Fucking Fucked
52%
Will of the People (2022) 7 Kill or Be Killed
51%
Black Holes & Revelations (2006) 5 Soldier's Poem
51%
The 2nd Law (2012) 6 Animals
50%
Will of the People (2022) 2 Compliance
50%
Absolution (2003) 13 Fury
50%
Drones (2015) 3 Mercy
50%
Absolution (2003) 11 Thoughts of a Dying Atheist
50%
Origin of Symmetry (2001) 9 Darkshines
49%
Will of the People (2022) 8 Verona
49%
Will of the People (2022) 6 You Make Me Feel like It's Halloween
49%
Showbiz (1999) 12 Hate This & I'll Love You
48%
Black Holes & Revelations (2006) 8 Exopolitics
47%
Black Holes & Revelations (2006) 6 Invincible
47%
Origin of Symmetry (2001) 8 Screenager
47%
The Resistance (2009) 4 United States of Eurasia (Collateral Damage)
47%
Black Holes & Revelations (2006) 9 City of Delusion
46%
Absolution (2003) 5 Falling Away with You
46%
Black Holes & Revelations (2006) 10 Hoodoo
46%
Origin of Symmetry (2001) 12 Futurism
45%
Black Holes & Revelations (2006) 12 Glorious
45%
The Resistance (2009) 8 I Belong to You (Mon Coeur S'Ouvre à Toix)
45%
The 2nd Law (2012) 11 The 2nd Law: Unsustainable
45%
Simulation Theory (2018) 2 The Dark Side
45%
Drones (2015) 9 The Globalist
45%
The Resistance (2009) 6 Unnatural Selection
45%
Will of the People (2022) 4 Won't Stand Down
45%
The 2nd Law (2012) 12 The 2nd Law: Isolated System
44%
Will of the People (2022) 9 Euphoria
43%
The 2nd Law (2012) 4 Survival
43%
Simulation Theory (2018) 7 Thought Contagion
43%
Simulation Theory (2018) 1 Algorithm
42%
Absolution (2003) 7 Blackout
42%
Will of the People (2022) 5 Ghosts (How Can I Move On?)
42%
Absolution (2003) 10 Endlessly
41%
The 2nd Law (2012) 10 Liquid State
41%
The 2nd Law (2012) 9 Save Me
41%
Showbiz (1999) 9 Sober
41%
Absolution (2003) 9 The Small Print
41%
Showbiz (1999) 4 Falling Down
40%
The Resistance (2009) 5 Guiding Light
40%
The 2nd Law (2012) 8 Big Freeze
39%
Simulation Theory (2018) 10 Dig Down
39%
The 2nd Law (2012) 5 Follow Me
39%
Will of the People (2022) 3 Liberation
39%
Drones (2015) 8 Aftermath
38%
Drones (2015) 6 Defector
38%
Showbiz (1999) 13 Spiral Static
37%
Simulation Theory (2018) 4 Propaganda
36%
Drones (2015) 7 Revolt
35%
Simulation Theory (2018) 11 The Void
35%
Showbiz (1999) 11 Overdue
33%
Simulation Theory (2018) 6 Something Human
33%
Simulation Theory (2018) 9 Blockades
32%
Simulation Theory (2018) 5 Break It to Me
32%
Showbiz (1999) 10 Escape
32%
The Resistance (2009) 9 Exogenesis: Symphony - Part 1: Overture
32%
The 2nd Law (2012) 7 Explorers
32%
Absolution (2003) 12 Ruled by Secrecy
32%
The Resistance (2009) 10 Exogenesis: Symphony - Part 2: Cross-Pollination
29%
Simulation Theory (2018) 8 Get Up and Fight
29%
The Resistance (2009) 11 Exogenesis: Symphony - Part 3: Redemption
28%
No matching quizzes found
Score Distribution
Percent of People with Each Score
Percentile by Number Answered
Your Score History
You have not taken this quiz since the last reset